000 01230nam0a2200385 4500
001 RU\NLR\bibl\387238
005 20250622155516.0
010 _a5-222-02682-5
_910000
021 _aRU
_b2002-66876
_93243
035 _a(NLR Aleph) 000381590
090 _a459113
_c459113
100 _a20030402d2002 |||y0rusy50 ca
101 0 _arus
102 _aRU
105 _aa |||||||||
200 1 _aПирсинг
_eКаталог
_fТатьяна Чимпоеш
210 _aРостов н/Д
_cФеникс
_d2002
215 _a126, [1] с., [12] л. цв.ил.
_cил.
_d20
225 1 _aСтильные штучки
300 _aНа обл. авт. не указан
606 0 _aПирсинг
_92285750
_3RU\NLR\auth\661369200
606 0 _aМолодежная культура
_91490391
_3RU\NLR\auth\66640589
610 0 _aПирсинг
675 _a391.7
_v3
_zrus
686 _a03.61
_2rugasnti
686 _a63.5
_2rubbk
686 _aТ594.27
686 _aС550.325.1
700 1 _aЧимпоеш
_bТ. П.
_gТатьяна Петровна
_4070
801 0 _aRU
_bRKP
_c20030402
_gPSBO
801 1 _aRU
_bRKP
_c20030402
801 2 _aRU
_bNLR
_c20030425
_grcr
942 _cBOOK
980 _aNB